| 000 | 00382nam a2200157Ia 4500 | ||
|---|---|---|---|
| 008 | 221030s9999 xx 000 0 und d | ||
| 020 | _a8187224053 | ||
| 041 | _aEnglish | ||
| 082 |
_a105.23 _bGup |
||
| 100 | _aP. P. Gupta | ||
| 245 | 0 | _aEngineeing Mathematics Vol. I | |
| 260 |
_bKrishna Prakashan _aNew Delhi _c2001 |
||
| 300 | _a10.64 | ||
| 650 | _aBE Mathematics | ||
| 942 | _cBK | ||
| 999 |
_c1090 _d1090 |
||